[Event "Mid Bohemia Region-chT 2223"]
[Site "Czech Republic"]
[Date "2022.11.27"]
[Round "4.1"]
[White "Jacko, Vladimir1111"]
[Black "Hora, Milan"]
[Result "1-0"]
[WhiteElo "2387"]
[BlackElo "2142"]
[PlyCount "119"]
[EventDate "2022.10.09"]
[EventType "team-tourn"]
[EventRounds "11"]
[EventCountry "CZE"]
[SourceTitle "EXT 2024"]
[Source "ChessBase"]
[SourceDate "2023.10.10"]
[SourceVersion "1"]
[SourceVersionDate "2023.10.10"]
[SourceQuality "1"]
[WhiteTeam "Kralupy nad Vltavou"]
[BlackTeam "Nymburk Sokol"]
[WhiteTeamCountry "CZE"]
[BlackTeamCountry "CZE"]

1. e4 c5 2. Nf3 d6 3. d4 cxd4 4. Nxd4 Nf6 5. Nc3 a6 6. Bg5 Nbd7 7. f4 Qc7 8. Qe2 h6 9. Bxf6 Nxf6 10. f5 g6 11. 0-0-0 Bg7 12. g4 Bd7 13. h4 Rc8 14. Rh3 Qa5 15. Kb1 Qe5 16. g5 hxg5 17. hxg5 Nh5 18. Rf3 Ng3 19. Qf2 Nxf1 20. Qxf1 Rh5 21. f6 exf6 22. gxf6 Bh6 23. Rfd3 Bg4 24. Nde2 Rc6 25. Re1 Bg5 26. Nd5 Bxe2 27. Rxe2 Rh2 28. Rxh2 Qxh2 29. c3 Qe5 30. Rd4 Rc5 31. a4 b5 32. axb5 axb5 33. Ka2 Qe6 34. Kb1 Qe5 35. Qf3 Rc4 36. Rxc4 bxc4 37. Qe2 Bxf6 38. Qxc4 Kf8 39. b4 Qg3 40. b5 Qe1+ 41. Kc2 Bd8 42. Qd3 Qf2+ 43. Kb3 Bb6 44. Qh3 Kg7 45. Nxb6 Qxb6 46. Qd7 Kf8 47. Qc8+ Ke7 48. Qa6 Qg1 49. Qb7+ Kd8 50. Qc6 Qb1+ 51. Ka3 Qa1+ 52. Kb4 Qb2+ 53. Ka5 Qa3+ 54. Kb6 Ke7 55. Kc7 Qa7+ 56. Kc8 g5 57. b6 Qa5 58. Qc7+ Ke6 59. b7 Qb4 60. b8Q 1-0

[Event "CZE-chT2C 2223"]
[Site "Czech Republic"]
[Date "2022.11.06"]
[Round "2.3"]
[White "Hora, Milan"]
[Black "Srba, Milan"]
[Result "1/2-1/2"]
[WhiteElo "2141"]
[BlackElo "2070"]
[PlyCount "27"]
[EventDate "2022.10.16"]
[EventType "team-tourn"]
[EventRounds "11"]
[EventCountry "CZE"]
[SourceTitle "EXT 2024"]
[Source "ChessBase"]
[SourceDate "2023.10.10"]
[SourceVersion "1"]
[SourceVersionDate "2023.10.10"]
[SourceQuality "1"]
[WhiteTeam "Kolin"]
[BlackTeam "Mlada Boleslav"]
[WhiteTeamCountry "CZE"]
[BlackTeamCountry "CZE"]

1. d4 d5 2. Nf3 c5 3. e3 Nf6 4. c4 g6 5. Nc3 cxd4 6. exd4 Bg7 7. cxd5 0-0 8. Bc4 Nbd7 9. 0-0 Nb6 10. Bb3 Nfxd5 11. Re1 e6 12. Bg5 Nxc3 13. bxc3 Qc7 14. Rc1 1/2-1/2

[Event "CZE-chT2C 1920"]
[Site "Czech Republic"]
[Date "2020.06.27"]
[Round "10.2"]
[White "Hora, Milan"]
[Black "Srba, Milan"]
[Result "0-1"]
[WhiteElo "2157"]
[BlackElo "2144"]
[PlyCount "84"]
[EventDate "2019.10.13"]
[EventType "team-tourn"]
[EventRounds "11"]
[EventCountry "CZE"]
[SourceTitle "EXT 2024"]
[Source "ChessBase"]
[SourceDate "2023.10.10"]
[SourceVersion "1"]
[SourceVersionDate "2023.10.10"]
[SourceQuality "1"]
[WhiteTeam "Kolin"]
[BlackTeam "Mlada Boleslav"]
[WhiteTeamCountry "CZE"]
[BlackTeamCountry "CZE"]

1. d4 d5 2. Nf3 Nf6 3. c4 dxc4 4. e3 Bf5 5. Bxc4 e6 6. 0-0 c6 7. Nc3 Nbd7 8. a3 Bd6 9. h3 0-0 10. Qe2 Bg6 11. e4 e5 12. Rd1 Qe7 13. d5 c5 14. Bg5 a6 15. a4 Qd8 16. Nh2 Qa5 17. Bd2 Qc7 18. g4 Kh8 19. Nf1 Ng8 20. Ng3 Rae8 21. Kg2 Qd8 22. f3 Nb6 23. b3 Nc8 24. Qf2 h6 25. Be3 Qa5 26. Bd2 Qc7 27. a5 Bh7 28. h4 g6 29. h5 f5 30. hxg6 fxg4 31. gxh7 gxf3+ 32. Kf1 Qxh7 33. Bd3 Qg6 34. Nf5 Qh5 35. Be3 Rxf5 36. exf5 Qh3+ 37. Ke1 e4 38. Nxe4 Rxe4 39. Kd2 Rxe3 40. Qxe3 Qh2+ 41. Kc3 Be5+ 42. Kc4 Bd4 0-1

[Event "CZE-chT2D 1819"]
[Site "Czech Republic"]
[Date "2019.02.10"]
[Round "8.3"]
[White "Hora, Milan"]
[Black "Nemec, Pavel"]
[Result "1/2-1/2"]
[WhiteElo "2179"]
[BlackElo "2221"]
[PlyCount "41"]
[EventDate "2018.10.14"]
[EventType "team-tourn"]
[EventRounds "11"]
[EventCountry "CZE"]
[SourceTitle "EXT 2022"]
[Source "ChessBase"]
[SourceDate "2021.10.06"]
[SourceVersion "1"]
[SourceVersionDate "2021.10.06"]
[SourceQuality "1"]
[WhiteTeam "Kolin"]
[BlackTeam "Chrudim"]
[WhiteTeamCountry "CZE"]
[BlackTeamCountry "CZE"]

1. d4 Nf6 2. Nf3 d5 3. c4 e6 4. Nc3 c6 5. Bg5 Be7 6. e3 h6 7. Bh4 Nbd7 8. Rc1 0-0 9. Bd3 dxc4 10. Bxc4 b5 11. Bd3 Bb7 12. 0-0 a6 13. Bxf6 Nxf6 14. Ne4 Qa5 15. Nc5 Bxc5 16. Rxc5 Qxa2 17. Qd2 a5 18. Ne5 Rfc8 19. Rfc1 Kf8 20. Bb1 Qa4 21. Nxc6 1/2-1/2

[Event "CZE-chT2D 1819"]
[Site "Czech Republic"]
[Date "2019.01.13"]
[Round "6.3"]
[White "Hora, Milan"]
[Black "Holasek, Pavel"]
[Result "0-1"]
[WhiteElo "2179"]
[BlackElo "2095"]
[PlyCount "138"]
[EventDate "2018.10.14"]
[EventType "team-tourn"]
[EventRounds "11"]
[EventCountry "CZE"]
[SourceTitle "EXT 2022"]
[Source "ChessBase"]
[SourceDate "2021.10.06"]
[SourceVersion "1"]
[SourceVersionDate "2021.10.06"]
[SourceQuality "1"]
[WhiteTeam "Kolin"]
[BlackTeam "Pardubice Rapid"]
[WhiteTeamCountry "CZE"]
[BlackTeamCountry "CZE"]

1. d4 d5 2. Nf3 c5 3. e3 Nc6 4. Be2 Nf6 5. 0-0 Bf5 6. a3 e6 7. dxc5 Bxc5 8. b4 Bd6 9. Bb2 a6 10. c4 0-0 11. Nbd2 dxc4 12. Nxc4 Bc7 13. Qxd8 Rfxd8 14. Rfd1 b5 15. Nce5 Nxe5 16. Nxe5 Be4 17. f3 Bb7 18. e4 Bb6+ 19. Kf1 Kf8 20. Rac1 Rxd1+ 21. Rxd1 Ke7 22. g4 Be3 23. h4 h6 24. Bd4 Bxd4 25. Rxd4 g5 26. hxg5 hxg5 27. Ke1 Rc8 28. Kd2 Rc7 29. Bd1 Ne8 30. Nd3 Nd6 31. Bb3 f6 32. Nc5 e5 33. Rd3 a5 34. Ke3 a4 35. Ba2 Rc8 36. Rxd6 Kxd6 37. Nxb7+ Kc7 38. Nc5 Rh8 39. Bf7 Kb6 40. Bh5 Rd8 41. Nd3 Rd6 42. Ke2 Rd8 43. Bf7 Rh8 44. Nf2 Rh2 45. Ke3 Rg2 46. Nd1 Rc2 47. Kd3 Rc7 48. Ba2 Rc1 49. Nc3 Ra1 50. Kd2 Kc6 51. Kc2 Rf1 52. Bf7 Rf2+ 53. Kc1 Rxf3 54. Be8+ Kb6 55. Nxb5 Rd3 56. Kc2 Rd8 57. Nc3 Rxe8 58. Nd5+ Kc6 59. Kc3 Rh8 60. Kc4 Rh1 61. b5+ Kb7 62. Kb4 Rf1 63. Kxa4 Rf4 64. Ka5 Rxg4 65. Nxf6 Rf4 66. Nd7 g4 67. Nc5+ Kb8 68. b6 g3 69. Ka6 Rf7 0-1

[Event "CZE-chT2D 1819"]
[Site "Czech Republic"]
[Date "2018.10.14"]
[Round "1.3"]
[White "Hora, Milan"]
[Black "Kratky, Josef"]
[Result "1/2-1/2"]
[WhiteElo "2179"]
[BlackElo "2058"]
[PlyCount "60"]
[EventDate "2018.10.14"]
[EventType "team-tourn"]
[EventRounds "11"]
[EventCountry "CZE"]
[SourceTitle "EXT 2022"]
[Source "ChessBase"]
[SourceDate "2021.10.06"]
[SourceVersion "1"]
[SourceVersionDate "2021.10.06"]
[SourceQuality "1"]
[WhiteTeam "Kolin"]
[BlackTeam "Policka Stefanydes"]
[WhiteTeamCountry "CZE"]
[BlackTeamCountry "CZE"]

1. d4 Nf6 2. Nf3 g6 3. g3 Bg7 4. Bg2 0-0 5. c4 d6 6. Nc3 Nc6 7. 0-0 Bg4 8. h3 Bxf3 9. Bxf3 Nd7 10. e3 e5 11. d5 Ne7 12. e4 f5 13. Bg5 h6 14. Bxe7 Qxe7 15. Qe2 Rf7 16. Rae1 a6 17. Kh2 Raf8 18. exf5 gxf5 19. Bh5 Rf6 20. f4 Qd8 21. Rg1 Kh7 22. Rg2 Rg8 23. Reg1 Rff8 24. Nd1 exf4 25. gxf4 Bd4 26. Bg6+ Rxg6 27. Rxg6 Bxg1+ 28. Rxg1 Qh4 29. Qe3 Nc5 30. Nf2 Rf7 1/2-1/2

[Event "CZE-chT2C 1718"]
[Site "Czech Republic"]
[Date "2017.10.15"]
[Round "1.3"]
[White "Hora, Milan"]
[Black "Novak, Petr1111"]
[Result "1/2-1/2"]
[WhiteElo "2156"]
[BlackElo "2229"]
[PlyCount "79"]
[EventDate "2017.10.15"]
[EventType "team-tourn"]
[EventRounds "11"]
[EventCountry "CZE"]
[SourceTitle "EXT 2022"]
[Source "ChessBase"]
[SourceDate "2021.10.06"]
[SourceVersion "1"]
[SourceVersionDate "2021.10.06"]
[SourceQuality "1"]
[WhiteTeam "Kolin"]
[BlackTeam "Praha Dukla"]
[WhiteTeamCountry "CZE"]
[BlackTeamCountry "CZE"]

1. d4 d5 2. Nf3 Nf6 3. c4 c6 4. cxd5 cxd5 5. Nc3 Nc6 6. Bf4 e6 7. e3 a6 8. Be2 b5 9. 0-0 Bd6 10. a3 Bxf4 11. exf4 Qb6 12. Qd3 0-0 13. Rfd1 Rd8 14. Ne5 Ne7 15. b4 Bd7 16. Rac1 Nf5 17. Na2 Nd6 18. Bf3 Nc4 19. Qb3 a5 20. Nc3 Qd6 21. g3 Nxa3 22. Qxa3 axb4 23. Qb2 bxc3 24. Rxc3 Rdb8 25. Rb3 Ra7 26. Rb1 Rab7 27. Rb4 Ne8 28. Nd3 Nc7 29. Nc5 Ra7 30. Be2 Be8 31. Bd3 Rba8 32. Qe2 Ra2 33. R1b2 Ra1+ 34. Rb1 R1a2 35. R1b2 R2a3 36. h4 Rc3 37. Rc2 Rca3 38. Rcb2 Ra1+ 39. Rb1 Rxb1+ 40. Rxb1 1/2-1/2

[Event "CZE-chT2C 1617"]
[Site "Czech Republic"]
[Date "2016.12.11"]
[Round "5.3"]
[White "Hora, Milan"]
[Black "Istona, Martin"]
[Result "1/2-1/2"]
[WhiteElo "2144"]
[BlackElo "2253"]
[PlyCount "65"]
[EventDate "2016.10.09"]
[EventType "team-tourn"]
[EventRounds "11"]
[EventCountry "CZE"]
[SourceTitle "EXT 2022"]
[Source "ChessBase"]
[SourceDate "2021.10.06"]
[SourceVersion "1"]
[SourceVersionDate "2021.10.06"]
[SourceQuality "1"]
[WhiteTeam "Kolin"]
[BlackTeam "Praha Vrsovice"]
[WhiteTeamCountry "CZE"]
[BlackTeamCountry "CZE"]

1. d4 Nf6 2. Nf3 g6 3. g3 Bg7 4. Bg2 0-0 5. c4 d5 6. cxd5 Nxd5 7. 0-0 Nb6 8. Nc3 Nc6 9. e3 Re8 10. Qc2 Bf5 11. e4 Bg4 12. d5 Bxf3 13. dxc6 Bxg2 14. cxb7 Bxf1 15. bxa8Q Qxa8 16. Kxf1 Qc6 17. Bd2 Nc4 18. Be1 Rb8 19. b3 Nd6 20. Rc1 Bxc3 21. Bxc3 Nxe4 22. Be1 Qd5 23. Qxc7 Rb7 24. Qc4 Nd2+ 25. Bxd2 Qxd2 26. Qc8+ Kg7 27. Qxb7 Qxc1+ 28. Kg2 Qa3 29. Qe4 Qxa2 30. Qe5+ Kg8 31. Qb8+ Kg7 32. Qe5+ Kg8 33. Qb8+ 1/2-1/2

[Event "CZE-chT2C 1516"]
[Site "Czech Republic"]
[Date "2016.01.10"]
[Round "5.3"]
[White "Postupa, Pavel1111"]
[Black "Hora, Milan"]
[Result "1-0"]
[WhiteElo "2272"]
[BlackElo "2116"]
[PlyCount "95"]
[EventDate "2015.10.18"]
[EventType "team-tourn"]
[EventRounds "11"]
[EventCountry "CZE"]
[SourceTitle "EXT 2022"]
[Source "ChessBase"]
[SourceDate "2021.10.06"]
[SourceVersion "1"]
[SourceVersionDate "2021.10.06"]
[SourceQuality "1"]
[WhiteTeam "Pankrac II"]
[BlackTeam "Kolin"]
[WhiteTeamCountry "CZE"]
[BlackTeamCountry "CZE"]

1. e4 c5 2. Nf3 e6 3. g3 a6 4. Bg2 d6 5. 0-0 Nf6 6. Qe2 Be7 7. c3 Nc6 8. Rd1 Qc7 9. d4 0-0 10. e5 Nd7 11. Bf4 dxe5 12. dxe5 Rd8 13. Nbd2 Nf8 14. h4 Ng6 15. h5 Nxf4 16. gxf4 f5 17. exf6 Bxf6 18. Nc4 Qxf4 19. Nb6 Rb8 20. Rxd8+ Nxd8 21. Rd1 Qc7 22. Nd5 Qf7 23. Nxf6+ Qxf6 24. Qe5 Nc6 25. Qxc5 e5 26. Nxe5 Be6 27. Nxc6 bxc6 28. b3 Bf7 29. Qd6 Qxd6 30. Rxd6 c5 31. Rxa6 Bxh5 32. Rc6 Rb5 33. a4 Ra5 34. Bd5+ Kf8 35. Rc7 h6 36. Bc4 Be8 37. Kg2 g5 38. Kg3 Bg6 39. f4 Ke8 40. fxg5 hxg5 41. Rg7 Bc2 42. Rxg5 Ke7 43. Kf4 Kd6 44. Rd5+ Kc6 45. Ke5 Ra8 46. Rd6+ Kc7 47. Kd5 Rb8 48. Rh6 1-0

[Event "CZE-chT2C 1516"]
[Site "Czech Republic"]
[Date "2015.11.08"]
[Round "2.3"]
[White "Hora, Milan"]
[Black "Trichkov, Vasil"]
[Result "1/2-1/2"]
[WhiteElo "2116"]
[BlackElo "2328"]
[PlyCount "67"]
[EventDate "2015.10.18"]
[EventType "team-tourn"]
[EventRounds "11"]
[EventCountry "CZE"]
[SourceTitle "EXT 2022"]
[Source "ChessBase"]
[SourceDate "2021.10.06"]
[SourceVersion "1"]
[SourceVersionDate "2021.10.06"]
[SourceQuality "1"]
[WhiteTeam "Kolin"]
[BlackTeam "Praha Bohemians"]
[WhiteTeamCountry "CZE"]
[BlackTeamCountry "CZE"]

1. d4 d5 2. Nf3 Nf6 3. c4 c6 4. cxd5 cxd5 5. Nc3 Nc6 6. Bf4 Bg4 7. Ne5 Qb6 8. Nxg4 Nxg4 9. e4 e5 10. Bb5 Bb4 11. 0-0 Bxc3 12. Bxc6+ bxc6 13. bxc3 Nxf2 14. Rxf2 exf4 15. exd5 cxd5 16. Qa4+ Kf8 17. Rxf4 Rd8 18. Qa3+ Qd6 19. Qxd6+ Rxd6 20. Rb1 Rb6 21. Rbf1 f6 22. Rf5 Rd6 23. Rb1 Kf7 24. Rb7+ Ke6 25. Rf3 Rd7 26. Re3+ Kd6 27. Rb3 Rc7 28. Kf2 Rhc8 29. Ke2 Rc4 30. Ra3 R8c7 31. Kd2 R4c6 32. Re8 Rb6 33. Kc2 Rcb7 34. Rb3 1/2-1/2

[Event "CZE-chT2C 1516"]
[Site "Czech Republic"]
[Date "2015.10.18"]
[Round "1.2"]
[White "Hora, Milan"]
[Black "Starek, Stanislav"]
[Result "0-1"]
[WhiteElo "2116"]
[BlackElo "2167"]
[PlyCount "86"]
[EventDate "2015.10.18"]
[EventType "team-tourn"]
[EventRounds "11"]
[EventCountry "CZE"]
[SourceTitle "EXT 2022"]
[Source "ChessBase"]
[SourceDate "2021.10.06"]
[SourceVersion "1"]
[SourceVersionDate "2021.10.06"]
[SourceQuality "1"]
[WhiteTeam "Kolin"]
[BlackTeam "Ricany"]
[WhiteTeamCountry "CZE"]
[BlackTeamCountry "CZE"]

1. d4 Nf6 2. Nf3 g6 3. c4 Bg7 4. Nc3 0-0 5. g3 d6 6. Bg2 Nbd7 7. 0-0 c6 8. e4 e5 9. h3 exd4 10. Nxd4 Re8 11. Re1 Qb6 12. Nb3 Qb4 13. Bf4 Ne5 14. Rc1 Be6 15. a3 Qxc4 16. Na5 Qa6 17. b4 Rad8 18. Bf1 Qb6 19. Be3 c5 20. f4 Nc6 21. Nxc6 bxc6 22. Qc2 Qc7 23. bxc5 d5 24. e5 Bf5 25. Qg2 Ne4 26. g4 Nxc3 27. gxf5 d4 28. Bd2 gxf5 29. Bd3 Qd7 30. Kh2 Kh8 31. Qg5 Ne4 32. Rxe4 f6 33. exf6 fxe4 34. Bxe4 Rxe4 35. fxg7+ Kg8 36. f5 Rde8 37. f6 R4e5 38. Qf4 Rf5 39. Qh6 Re2+ 40. Kg3 Qd5 41. Bf4 Rh5 42. Qxh5 Qxh5 43. Rb1 Qg6+ 0-1

[Event "CZE-chT2C 1415"]
[Site "Czech Republic"]
[Date "2015.04.19"]
[Round "11.2"]
[White "Hora, Milan"]
[Black "Neckar, Lubomir"]
[Result "1/2-1/2"]
[WhiteElo "2161"]
[BlackElo "2349"]
[PlyCount "35"]
[EventDate "2014.11.02"]
[EventType "team-tourn"]
[EventRounds "11"]
[EventCountry "CZE"]
[SourceTitle "EXT 2022"]
[Source "ChessBase"]
[SourceDate "2021.10.06"]
[SourceVersion "1"]
[SourceVersionDate "2021.10.06"]
[SourceQuality "1"]
[WhiteTeam "Kolin"]
[BlackTeam "Lysa nad Labem III"]
[WhiteTeamCountry "CZE"]
[BlackTeamCountry "CZE"]

1. d4 d5 2. Nf3 Nf6 3. c4 e6 4. Nc3 Be7 5. Bg5 h6 6. Bh4 0-0 7. e3 b6 8. Bxf6 Bxf6 9. cxd5 exd5 10. Rc1 Bb7 11. Be2 Qe7 12. 0-0 Rd8 13. Qa4 a5 14. Rfd1 c6 15. Qc2 g6 16. Na4 Nd7 17. a3 Rac8 18. Qb3 1/2-1/2

[Event "CZE-chT2C 1415"]
[Site "Czech Republic"]
[Date "2015.03.15"]
[Round "9.3"]
[White "Skoda, Martin"]
[Black "Hora, Milan"]
[Result "1/2-1/2"]
[WhiteElo "2123"]
[BlackElo "2161"]
[PlyCount "77"]
[EventDate "2014.11.02"]
[EventType "team-tourn"]
[EventRounds "11"]
[EventCountry "CZE"]
[SourceTitle "EXT 2022"]
[Source "ChessBase"]
[SourceDate "2021.10.06"]
[SourceVersion "1"]
[SourceVersionDate "2021.10.06"]
[SourceQuality "1"]
[WhiteTeam "Jihlava Silko Gambit"]
[BlackTeam "Kolin"]
[WhiteTeamCountry "CZE"]
[BlackTeamCountry "CZE"]

1. e4 c5 2. f4 Nc6 3. Nf3 g6 4. Bb5 Bg7 5. Bxc6 dxc6 6. 0-0 Nf6 7. Nc3 0-0 8. d3 b6 9. Kh1 Qc7 10. Qe2 Ne8 11. e5 f6 12. Bd2 Bg4 13. Rae1 fxe5 14. fxe5 Qd7 15. Qe4 Bxf3 16. Rxf3 Rxf3 17. gxf3 Qe6 18. Qg4 Nc7 19. Bg5 Qxg4 20. fxg4 Kf7 21. a4 Ne6 22. Ne4 Rd8 23. Bh4 Rd5 24. Bg3 Ke8 25. Nf2 Nd4 26. c4 Rd7 27. Kg2 Ne6 28. h4 Rd4 29. Kf3 Kd7 30. Re4 Bh6 31. Rxd4+ Nxd4+ 32. Ke4 Bc1 33. Nd1 Ke6 34. Bf4 Bxf4 35. Kxf4 h6 36. Nc3 Nb3 37. Ne2 Nd2 38. Nc3 Nb3 39. Ne2 1/2-1/2

[Event "CZE-chT2C 1415"]
[Site "Czech Republic"]
[Date "2015.02.08"]
[Round "7.3"]
[White "Haba, Zdenek"]
[Black "Hora, Milan"]
[Result "1-0"]
[WhiteElo "2281"]
[BlackElo "2161"]
[PlyCount "61"]
[EventDate "2014.11.02"]
[EventType "team-tourn"]
[EventRounds "11"]
[EventCountry "CZE"]
[SourceTitle "EXT 2022"]
[Source "ChessBase"]
[SourceDate "2021.10.06"]
[SourceVersion "1"]
[SourceVersionDate "2021.10.06"]
[SourceQuality "1"]
[WhiteTeam "Jihlava Gordic"]
[BlackTeam "Kolin"]
[WhiteTeamCountry "CZE"]
[BlackTeamCountry "CZE"]

1. d4 Nf6 2. c4 g6 3. Nc3 d5 4. cxd5 Nxd5 5. e4 Nxc3 6. bxc3 Bg7 7. Bg5 c5 8. Rc1 h6 9. Be3 Qa5 10. Qd2 cxd4 11. cxd4 Qxd2+ 12. Kxd2 0-0 13. Bb5 Rd8 14. Ne2 f5 15. f3 a6 16. Ba4 Be6 17. Rc7 fxe4 18. fxe4 b5 19. Bb3 Bxb3 20. axb3 Nd7 21. Rhc1 g5 22. Rb7 Rab8 23. Rxb8 Nxb8 24. Rc7 Kf7 25. d5 Be5 26. Rb7 Rd7 27. Rb6 Bxh2 28. g3 h5 29. Rxb8 h4 30. Bxg5 hxg3 31. Bf4 1-0

[Event "CZE-chT2C 1415"]
[Site "Czech Republic"]
[Date "2015.01.11"]
[Round "5.4"]
[White "Hora, Milan"]
[Black "Hollan, Petr"]
[Result "0-1"]
[WhiteElo "2161"]
[BlackElo "2124"]
[PlyCount "136"]
[EventDate "2014.11.02"]
[EventType "team-tourn"]
[EventRounds "11"]
[EventCountry "CZE"]
[SourceTitle "EXT 2022"]
[Source "ChessBase"]
[SourceDate "2021.10.06"]
[SourceVersion "1"]
[SourceVersionDate "2021.10.06"]
[SourceQuality "1"]
[WhiteTeam "Kolin"]
[BlackTeam "Praha Oaza"]
[WhiteTeamCountry "CZE"]
[BlackTeamCountry "CZE"]

1. d4 Nf6 2. Nf3 g6 3. g3 Bg7 4. Bg2 d6 5. 0-0 0-0 6. c4 c6 7. Nc3 Nbd7 8. e4 e5 9. h3 exd4 10. Nxd4 a5 11. Re1 Nc5 12. Rb1 Re8 13. Bf4 Ne6 14. Be3 Nxd4 15. Bxd4 Be6 16. Qd3 c5 17. Be3 Ra6 18. f4 Nd7 19. Rbd1 Qf6 20. Rc1 Nb6 21. b3 a4 22. e5 dxe5 23. Ne4 Qe7 24. Bxc5 Qd7 25. Qxd7 Nxd7 26. Be3 axb3 27. axb3 Ra3 28. Nd6 Rb8 29. Rb1 b6 30. Nb5 Ra2 31. Nc3 Rc2 32. Nd5 b5 33. cxb5 Rxg2+ 34. Kxg2 Bxd5+ 35. Kf2 Rxb5 36. b4 Be6 37. g4 exf4 38. Bxf4 Bc3 39. Re4 Nf6 40. Re2 Rxb4 41. Rxb4 Bxb4 42. Kg3 Nd5 43. Bh6 Bd6+ 44. Kf3 Bf8 45. g5 Bxh6 46. gxh6 Ne7 47. Kf4 Kf8 48. Rb2 f6 49. Rb8+ Kf7 50. h4 g5+ 51. hxg5 Ng6+ 52. Kg3 fxg5 53. Rb7+ Ne7 54. Kh2 Kf6 55. Rb8 Ng8 56. Rb7 Kg6 57. Rb6 Kf6 58. Rb7 Bf7 59. Rb6+ Kf5 60. Kg3 Nf6 61. Rb5+ Bd5 62. Ra5 g4 63. Ra7 Kg5 64. Ra6 Ne4+ 65. Kh2 Kf4 66. Ra7 Ng5 67. Ra4+ Be4 68. Ra7 g3+ 0-1